Vista normal Vista MARC

Entrada Topical Term

Número de registros utilizados en: 1

001 - CONTROL NUMBER

  • control field: 2321

003 - CONTROL NUMBER IDENTIFIER

  • control field: OSt

005 - DATE AND TIME OF LATEST TRANSACTION

  • control field: 20200331210831.0

008 - FIXED-LENGTH DATA ELEMENTS

  • fixed length control field: 200331|| aca||aabn | a|a d

040 ## - CATALOGING SOURCE

  • Original cataloging agency: OSt
  • Transcribing agency: OSt

150 ## - HEADING--TOPICAL TERM

  • Topical term or geographic name entry element: Santos Calderón, Juan Manuel,

670 ## - SOURCE DATA FOUND

  • Source citation: Work cat.: (OSt)4837: Colombia. Presidente (2010-2018 : Santos Calderón) 2320, ¡Le llegó la hora a Colombia! : , 2010